Представление документа в формате MARC21

Поле Инд. ПП Название Значение
Тип записи a
Библиографический уровень m
001 Контрольный номер 1949eac4e59b4e49927726cd00f7b089
005 Дата корректировки 20211228113500.9
008 Кодируемые данные 211221|||||||||ru |||||||||||||||||rus||
020 a ISBN 978-5-91916-041-0
041 0_ a Код языка текста rus
084 a Индекс другой классификации/Индекс ББК 74.480+74.484
090 a Полочн. индекс 74
x Авторский знак С 56
203 a Вид содержания Текст
c Тип средства непосредственное
245 10 a Заглавие Современное технологическое образование
b Продолж. заглавия сборник научных статей
c Ответственность Ассоциация технических университетов ; Московский государственный технический университет имени Н. Э. Баумана (национальный исследовательский университет) ; редактор-составитель В. К. Балтян
n Номер части/ раздела Ч. 2
260 a Место издания Москва
b Издательство МГТУ им. Н. Э. Баумана
c Дата издания 2021
300 a Объем 293 с.
b Иллюстрации/ тип воспроизводства ил.
504 a Библиография Библиогр. в конце ст.
520 0_ a Аннотация Сборник включает статьи по актуальным вопросам университетского и инженерно-технического образования, совершенствования конструкторско-технологической и производственной подготовки специалистов, развития интеграционных научно-производственных образовательных структур высших учебных заведений, входящих в состав Ассоциации технических университетов и тесно сотрудничающих с ней. В представленных материалах отражены межвузовское сотрудничество и взаимодействие университетских научно-педагогических школ, практическая реализация основных принципов инженерно-технического образования, таких как "обучение через науку", "синтез теории и практики", «интеграция образования, науки и производства». Издание рассчитано на широкий круг работников органов управления образованием, промышленностью, труда и занятости, руководителей промышленных предприятий и организаций, научных учреждений и учебных заведений всех уровней образования. Оно может быть полезно при решении проблем развития национальных образовательных систем, совершенствования подготовки специалистов и деятельности высших учебных заведений, решения вопросов кадрового обеспечения различных сфер общественного производства и, прежде всего, предприятий высокотехнологического комплекса государств – участников Содружества Независимых Государств
650 04 a Основная рубрика Высшее образование-Российская Федерация-Сборники
653 0_ a Ключевые слова Высшее образование
a Ключевые слова Инженерно-техническое образование
a Ключевые слова Интеграция образования
a Ключевые слова Интеграция науки
a Ключевые слова Интеграция производства
a Ключевые слова Межвузовское сотрудничество
a Ключевые слова Научные знания
a Ключевые слова Подготовка инженерных кадров
a Ключевые слова Техническое образование
a Ключевые слова Повышение квалификации
900 a Имя макрообъекта Современное технологическое образование 2
901 t Тип документа m